<?xml version="1.0" encoding="UTF-8"?>
<collection xmlns="http://www.loc.gov/MARC21/slim">
 <record>
  <leader>00952nam a2200181 a 4500</leader>
  <controlfield tag="001">1/8186</controlfield>
  <controlfield tag="008">960124s1987    gr d          000 0 gre d</controlfield>
  <datafield tag="035" ind1=" " ind2=" ">
   <subfield code="l">8504</subfield>
  </datafield>
  <datafield tag="040" ind1=" " ind2=" ">
   <subfield code="a">GR-PeUP</subfield>
  </datafield>
  <datafield tag="082" ind1="0" ind2="0">
   <subfield code="a">338.174 3 ΝΩ</subfield>
  </datafield>
  <datafield tag="245" ind1="0" ind2="0">
   <subfield code="a">Νωπά και μεταποιημένα εσπεριδοειδή /</subfield>
   <subfield code="c">Εμπορική Τράπεζα.</subfield>
  </datafield>
  <datafield tag="260" ind1=" " ind2=" ">
   <subfield code="a">Αθήνα :</subfield>
   <subfield code="b">Εμπορική Τράπεζα,</subfield>
   <subfield code="c">1987.</subfield>
  </datafield>
  <datafield tag="300" ind1=" " ind2=" ">
   <subfield code="a">69 σ. :</subfield>
   <subfield code="b">πίν.,</subfield>
   <subfield code="c">28 εκ.</subfield>
  </datafield>
  <datafield tag="490" ind1="1" ind2=" ">
   <subfield code="a">Οικονομικές εκδόσεις. Κλαδικές μελέτες ;</subfield>
  </datafield>
  <datafield tag="650" ind1=" " ind2="4">
   <subfield code="a">Εσπεριδοειδή</subfield>
   <subfield code="x">Παραγωγή και εμπόριο.</subfield>
  </datafield>
  <datafield tag="710" ind1="2" ind2=" ">
   <subfield code="a">Εμπορική Τράπεζα της Ελλάδος.</subfield>
   <subfield code="b">Διεύθυνση Οικονομικών Μελετών.</subfield>
  </datafield>
  <datafield tag="830" ind1=" " ind2=" ">
   <subfield code="a">Οικονομικές εκδόσεις. Κλαδικές μελέτες ;</subfield>
   <subfield code="v">53.</subfield>
  </datafield>
  <datafield tag="852" ind1=" " ind2=" ">
   <subfield code="a">INST</subfield>
   <subfield code="b">UNIPILB</subfield>
   <subfield code="c">MAIN</subfield>
   <subfield code="e">20040709</subfield>
   <subfield code="h">338.174 3 ΝΩ</subfield>
   <subfield code="p">00124818</subfield>
   <subfield code="q">00124818</subfield>
   <subfield code="t">LOAN</subfield>
   <subfield code="y">0</subfield>
   <subfield code="4">1</subfield>
  </datafield>
 </record>
</collection>
